| 000 | 02288cam a2200337 i 4500 | ||
|---|---|---|---|
| 003 | SA-RiAUC | ||
| 005 | 20241106104432.0 | ||
| 008 | 241105s2011 su g 00010bara c | ||
| 020 | _a9789960018058 | ||
| 024 | 0 | _a00000000302944 | |
| 040 |
_aSA-JeALM _bara _cSA-RiAUC _erda |
||
| 050 | 1 | 4 | _bJ397 2011 |
| 082 | 0 | 4 |
_a239 _qSA-RiAUC |
| 090 |
_a239 _bت ق ي |
||
| 100 | 1 |
_aالتقي الفاسي، محمد بن أحمد بن علي، _d775-832 هجري _eمؤلف. |
|
| 245 | 1 | 2 |
_aالجواهر السنية في السيرة النبوية / _cتأليف تقي الدين محمد بن أحمد الفاسي ؛ دراسة وتحقيق الأستاذ الدكتور ضيف الله بن يحيى الزهراني. |
| 250 | _aالطبعة الأولى. | ||
| 264 | 1 |
_aالرياض : _bمكتبة الرشد ناشرون، _c2011 |
|
| 300 |
_a332 صفحة ؛ _c24 × 17 سم |
||
| 336 |
_aنص _btxt _2rdacontent _3كتاب |
||
| 337 |
_aبدون وسيط _bn _2rdamedia |
||
| 338 |
_aمجلد _bnc _2rdacarrier |
||
| 504 | _aببليوجرافية : صفحة 309-320. | ||
| 505 | 0 | _aالمحتويات : القسم الاول : حياة المؤلف-اسمه ونسبه-نشأته وتربيته-شيوخ الفاسي-اقران الفاسي ... وموضوعات أخرى-القسم الثاني : دراسة عن الكتاب-تحقيق اسم الكتاب-مصادر الفاسي-وصف الشيخ-منهج الفاسي في الاختصار والتأليف-منهج التحقيق-القسم الثالث : قسم التحقيق-مقدمة المؤلف-ذكر اسمائه ونسبه صلي الله عليه وسلم-ولادته وتربيته-خروجه صلى الله عليه وسلم إلى الشام ... وموضوعات أخرى. | |
| 600 | 0 | 7 |
_aمحمد (صلى الله عليه وسلم)، _d53 قبل الهجرة-11 هجري _2aucnm |
| 650 | 7 |
_aالسيرة النبوية _2aucsh |
|
| 700 | 1 |
_aالزهراني، ضيف الله بن يحيى علي، _d1374 هجري- _eمحقق. |
|
| 700 | 1 | 2 |
_iتحقيق لـ (عمل) : _aالتقي الفاسي، محمد بن أحمد بن علي، _d775-832 هجري. _tالجواهر السنية في السيرة النبوية |
| 942 |
_2ddc _cBOOK _n0 |
||
| 949 |
_aSA-JeALM _d241105 _umohamedma123 _n1 |
||
| 999 |
_c2096 _d2096 |
||